DAVIDSON'S PRINCIPLES AND PRACTICE OF MEDICINE (Record no. 8105)

MARC details
000 -LEADER
fixed length control field 00468nam a22001817a 4500
005 - DATE AND TIME OF LATEST TRANSACTION
control field 20230819160119.0
008 - FIXED-LENGTH DATA ELEMENTS--GENERAL INFORMATION
fixed length control field 221219b |||||||| |||| 00| 0 eng d
020 ## - INTERNATIONAL STANDARD BOOK NUMBER
ISBN 978-0-7020-8347-1
041 ## - LANGUAGE CODE
Language code of text/sound track or separate title eng
082 ## - DEWEY DECIMAL CLASSIFICATION NUMBER
Classification number 615 PEN -D
100 ## - MAIN ENTRY--AUTHOR NAME
Personal name PENMAN , IAN D AND OTHERS
245 ## - TITLE STATEMENT
Title DAVIDSON'S PRINCIPLES AND PRACTICE OF MEDICINE
250 ## - EDITION STATEMENT
Edition statement 24th ed.
260 ## - PUBLICATION, DISTRIBUTION, ETC. (IMPRINT)
Place of publication LONDON
Name of publisher ELSEVIER
Year of publication 2023
300 ## - PHYSICAL DESCRIPTION
Number of Pages 1357;P.
650 ## - SUBJECT ADDED ENTRY--TOPICAL TERM
Topical Term BPT
942 ## - ADDED ENTRY ELEMENTS (KOHA)
Koha item type Books
Holdings
Lost status Damaged status Collection code Home library Current library Shelving location Date acquired Source of acquisition Cost, normal purchase price Full call number Accession Number Koha item type
    Reference JRU Library JRU Library SHELF- 8 - C 25/10/2022 LOHIA BOOK INTERNATIONAL 2805.00 615-PEN -D 27052 Books
    PHYSIOTHERAPY JRU Library JRU Library Shelf 20 F 25/10/2022 LOHIA BOOK INTERNATIONAL 2805.00 615-PEN -D 27053 Books
    PHYSIOTHERAPY JRU Library JRU Library Shelf 20 F 25/10/2022 LOHIA BOOK INTERNATIONAL 2805.00 615-PEN -D 27054 Books
    PHYSIOTHERAPY JRU Library JRU Library Shelf 20 F 05/08/2023 PURCHASE 3125.00 615 PEN -D 27830 Books
    PHYSIOTHERAPY JRU Library JRU Library Shelf 20 F 05/08/2023 PURCHASE 3125.00 615 PEN -D 27831 Books